000 00393nam a2200169Ia 4500
005 20230220135615.0
008 131103s9999 xx 000 0 und d
020 _cRs.12
040 _aLoreto College
041 _aEnglish
082 _a821(I)
_bSIN
245 4 _aThe man who never died
260 _aBombay
_bMacmillan
_c1969
650 _aEnglish poetry
850 _aLCLIB
942 _cBK
999 _c20818
_d71297